| 000 | 01468nam0a2200349 4500 | ||
|---|---|---|---|
| 001 | RU\NLR\BIBL_A\012052671 | ||
| 005 | 20241103101023.0 | ||
| 010 |
_a9785040935406 _92000 |
||
| 021 |
_aRU _b2019-41946 _9КН-П-3080 |
||
| 035 | _a(RuMoRGB)010004308 | ||
| 035 | _a(NLR Aleph) 012052671 | ||
| 090 |
_a11659377 _c11659377 |
||
| 100 | _a20190704d2019 k y0rusy50 ca | ||
| 101 | 1 |
_arus _cund |
|
| 102 | _aRU | ||
| 105 | _aa|||z|||001zy | ||
| 200 | 1 |
_aЛегкий способ выучить Java _eпрактические примеры для быстрого старта _e[перевод] _fБрайсон Пейн |
|
| 210 |
_aМосква _cБомбора™ _cЭксмо _d2019 |
||
| 215 |
_a398, [1] с. _cил. _d24 |
||
| 225 | 1 | _aМировой компьютерный бестселлер | |
| 300 | _aЗагл. и авт. ориг.: Learn Java the easy way / Bryson Payne | ||
| 300 | _aНа 392-й с. авт.: Б. Пэйн - проф. | ||
| 313 | _aВключает версии языка Java 8 и 9 | ||
| 320 | _aПредм. указ.: с. 393-399 | ||
| 454 | 1 |
_12001#$aLearn Java the easy way$fBryson Payne _12001#$aPayne$bB.$gBryson _tPayne |
|
| 606 |
_aJAVA, язык программирования _jПрактические пособия _91055972 _3RU\NLR\AUTH\66409075 |
||
| 686 | 1 | _aЗ988.02-018.1я7 | |
| 700 | 1 |
_aПейн _bБ. _gБрайсон |
|
| 942 | _cBOOK | ||
| 980 | _aNBR | ||